000 01271nam a2200229Ia 4500
003 OSt
005 20210525134154.0
008 210310s1981 ru gr 001 0 spa d
040 _aCO-JMCR
_cCO-JMCR
041 0 _aspa
082 0 4 _a330.947 /
_bL566d
_223
100 1 _aLenin, Vladimir Ilich,
_914153
_eautor
245 1 3 _aEl desarrollo del capitalismo en Rusia :
_bel proceso de la formación de un mercado interior para la gran industria /
_cV. I. Lenin
260 _aMoscú :
_bEditorial Progreso,
_c1981
300 _a[3] láminas sin numerar, 816 páginas ;
_c20 cm.
500 _aIncluye índice onomástico y notas a pie de páginas.
505 0 _aErrores teóricos de los economistas populistas -- Diferenciación del campesinado -- Paso de los propietarios de tierra de la economía basada en la prestación personal a la capitalista -- El incremento de la agricultura comercial -- Las primeras fases del capitalismo en la industria -- La manufactura capitalista y el trabajo capitalista a domicilio -- El desarrollo de la gran industria maquinizada --Formación del mercado interior
650 1 4 _aIndustrias
_915694
_zUnión Soviética.
650 2 4 _aCapitalismo
_937870
651 4 _aUnión Soviética
_xCondiciones económicas
_937871
942 _2ddc
_cBK
999 _c7874
_d7874